• ҳ
  • ݽ
  • ֪ͨ
  • ݲؼ
  • Դ
  • ߵ
  • οѯ
  • ҵͼ
  • ¼
  • ڿϸʾ
  • ֿʾ
  • ϶ʾ
  • ƪĿϢʾ

ڿϢ

  • 表格格式
  • 工作单格式
  • 卡片格式
索取号 
Z89/BXSHY
题名 
Сʱ
作者 
Сʱ⡷־༭
分册号 
分册名 
出版地 
出版者 
标准刊号 
1000-0461
出版频率 
¿
中图法分类 
G12
主题词 
ժ;
电子资源 
000 01193nas0 2200409 45
001 0552754062
005 20070409105051.56
011    @a1000-0461@dCNY5.50(1996)
021    @a002
091    @aCN12-1016/G0
091    @aCN@b12-1016
092    @b6-47
092    @aCN@b6-47@cBM379
100    @a19960212a19809999m y0chiy0110 eb
101 0  @achi
102    @aCN@b120000
110    @aagaz 0yy0
200 1  @aСʱ@ABa Xiao Shi Yi Wai@fСʱ⡷־༭@FBa Xiao Shi Yi WaiZa Zhi Bian Ji Bu Bian
207  0 @a1980,no.1(1980,1)=[1]
210    @a@b·157A¥(300041)@c@d1980
215    @d26cm
300    @a1981,no.1ڱʶ
326    @a¿
510 1  @aSparetime@zeng
530 0  @aСʱ@ABa Xiao Shi Yi Wai
540 1  @a Сʱ @ABa Xiao Shi Yi Wai
606 0  @aժ
606 0  @a
610 0  @a@aĻ
676    @a001.1@v19
690    @aG12@v3
690    @aC91@v3
690    @aZ89@v4
701  0 @a=@ALi Tian =@4
711 02 @aСʱ⡷־༭@ABa Xiao Shi Yi WaiZa Zhi Bian Ji Bu@4
801  0 @aCN@bPFT@c20070409
905    @aTJWY@dZ89@eBXSHY
    
    Сʱ/Сʱ⡷־༭.-1980,no.1(1980,1)=[1].-(·157A¥(300041))磬1980
    26cm
    1981,no.1ڱʶ.-ʶСʱ
    
    ISSN 1000-0461CNY5.50(1996)
    
●
相关链接: 在易读查询期刊 在中国知网中查询期刊 在万方数据查询期刊 在维普查询期刊
ɽʦѧԺͼ 欢迎您!
大连网信软件有限公司© 版权所有